Lähimpänä New Yorkia sijaitsevat megapolit - Statistics

Yleistilastot
  • Tätä visaa on pelattu 332 kertaa
  • Keskiarvotulos 7 / 10
Vastaustilastot
km Kaupunki % Oikein
3358 México
90%
3945 Los Angeles
87%
5586 Lontoo
85%
7731 Rio de Janeiro
83%
5853 Pariisi
82%
7657 São Paulo
67%
7530 Moskova
66%
4009 Bogotá
65%
5850 Lima
63%
8089 Istanbul
47%
Ehtoja vastaavia visoja ei löytynyt
Tulosjakauma
Jokaisen tuloksen saaneiden osuus
Persentiili vastausten määrän mukaan
Tuloshistoriasi
Et ole pelannut tätä visaa